Préfectures de France : Lons-le-Saunier - Statistiques

Statistiques générales
  • Ce quiz a été pris 22 fois
  • Le résultat moyen est 10 sur 25
Statistiques - réponses
Question Réponse % Correct
Quel numéro porte celui-ci ? 39
100%
La ville appartient à l'académie de/d' Besançon
100%
De quel département est-ce la préfecture ? Jura
100%
A quelle région administrative appartient la ville depuis 2015 ? Bourgogne-Franche-Comté
78%
Quelles sont les sous-préfectures qui en dépendent ? Dole
72%
Les communes limitrophes dont le nom commence par M sont Montmorot
67%
La deuxième couleur du fond du blason est l'/le/la Or |Jaune
67%
Comment se nomment ses habitants ? Lédoniens
61%
La ville appartient au diocèse de/d' Saint-Claude
61%
Quelles sont les sous-préfectures qui en dépendent ? Saint-Claude
61%
Il a longtemps fait la richesse de la ville Sel
50%
Les communes limitrophes dont le nom commence par M sont Montaigu
44%
Les communes limitrophes dont le nom commence par M sont Macornay
39%
Quel vignoble existe dans la région ? Citez-en un. Arbois | Château-Chalon | L'Etoile
28%
Quelle rue comporte 146 arcades ? La rue de/du/de la commerce
28%
La couleur principale du fond du blason est l'/le/la Argent | Gris
17%
Quel est le nom de l'auteur de la Marseillaise né dans cette ville ? (prénom et nom) Claude Rouget de Lisle
17%
Le saint patron de la ville est St Désiré
6%
Pendant la Révolution la ville se nomme Franciade
6%
Les thermes de la ville portent le nom de Ledonia
6%
Les Romains appellent la ville Ledo salinarius
6%
Lons devient la préfecture du Jura en 1800
0%
Le train arrive à Lons en 1862
0%
Comment se nomme l'objet présent sur le blason ? Huchet
0%
Le peuple gaulois qui l'occupe est celui des Sequanes
0%
Aucun quiz correspondant
Distribution des résultats
% des personnes avec chaque résultat
Percentile par nombre de réponses
Votre historique - résultats
Vous n’avez pas pris ce quiz